000
00255nam a2200097Ia 4500
082
_a
EKF MITT
245
0
_a
Farmer Joe and the music show
100
_a
MITTON, Tony London, 2009
_9
76571
942
_c
BK
008
210817s9999 xx 000 0 und d
999
_c
256208
_d
256207